Les 100 plus grandes villes de France, hors Île-de-France - Statistiques

Statistiques générales
  • Ce quiz a été pris 88 762 fois
  • Le résultat moyen est 51 sur 100
Réponses sur la Carte
Les réponses sont colorées sur une échelle allant du rouge au vert en fonction du pourcentage des utilisateurs qui les ont devinées à leur premier essai. Vous pouvez retrouver ces pourcentages ci-dessous.
 
Statistiques - réponses
Ville Population % Correct
Marseille 870,731
98%
Lille 234,475
97%
Lyon 522,969
97%
Bordeaux 260,958
96%
Nice 342,669
95%
Strasbourg 287,228
95%
Toulouse 493,465
95%
Nantes 318,808
92%
Rennes 220,488
90%
Brest 139,926
89%
Montpellier 295,542
87%
Ajaccio 71,361
86%
Bastia 48,503
78%
Dijon 158,002
77%
Le Havre 168,290
77%
Grenoble 158,198
76%
Toulon 178,745
76%
Caen 106,230
75%
Clermont-Ferrand 147,865
75%
Perpignan 119,344
75%
Saint-Étienne 173,821
75%
Reims 181,194
74%
Dunkerque 86,279
72%
Metz 118,489
72%
La Roche-sur-Yon 55,147
71%
Angers 155,850
70%
Rouen 112,321
70%
Orléans 116,269
69%
Tours 137,087
68%
Cannes 74,545
67%
Nancy 105,058
67%
Nîmes 148,561
66%
Calais 72,509
65%
Aix-en-Provence 145,133
63%
Amiens 134,706
63%
Pau 75,627
63%
Annecy 130,721
61%
Le Mans 143,847
61%
Saint-Denis 153,810
61%
La Rochelle 77,205
60%
Limoges 130,876
60%
Quimper 63,283
60%
Bayonne 51,894
58%
Lorient 57,246
57%
Valence 64,749
56%
Mulhouse 108,312
55%
Poitiers 89,212
55%
Saint-Malo 46,803
54%
Avignon 91,143
53%
Villeurbanne 152,212
52%
Vannes 53,719
51%
Besançon 117,912
49%
Cherbourg-en-Cotentin 78,549
49%
Colmar 68,682
49%
Roubaix 98,828
49%
Troyes 61,957
49%
Carcassonne 46,825
47%
Fort-de-France 76,512
47%
Cayenne 65,493
43%
Saint-Nazaire 71,394
43%
Béziers 78,308
42%
Chambéry 58,917
42%
Narbonne 55,516
41%
Belfort 46,443
39%
Bourges 64,541
39%
Laval 49,733
39%
Niort 59,193
39%
Tourcoing 98,656
38%
Beauvais 57,071
35%
Nouméa 94,285
34%
Albi 48,902
33%
Arles 50,454
32%
Montauban 61,372
32%
Antibes 73,438
31%
Charleville-Mézières 46,436
31%
Saint-Pierre 84,982
31%
Évreux 46,349
29%
Fréjus 54,458
29%
Mamoudzou 71,437
27%
Hyères 54,821
25%
Mérignac 72,197
25%
Saint-Paul 103,208
24%
Cholet 54,037
22%
Pessac 65,245
22%
Saint-Quentin 53,570
22%
Villeneuve-d'Ascq 61,957
22%
Vénissieux 67,285
21%
Martigues 48,574
18%
Aubagne 47,535
17%
Grasse 48,870
16%
Le Tampon 79,824
16%
Saint-Laurent-du-Maroni 47,621
15%
La Seyne-sur-Mer 62,987
14%
Saint-Herblain 47,415
12%
Saint-Louis 53,120
12%
Saint-Priest 46,927
12%
Cagnes-sur-Mer 52,178
11%
Les Abymes 53,514
10%
Vaulx-en-Velin 52,795
10%
Saint-André 56,902
7%
Aucun quiz correspondant
Distribution des résultats
% des personnes avec chaque résultat
Percentile par nombre de réponses
Votre historique - résultats
Vous n’avez pas pris ce quiz